English language & pedagogy : (Record no. 103446)

MARC details
000 -LEADER
fixed length control field 00667nam a22001937a 4500
005 - DATE AND TIME OF LATEST TRANSACTION
control field 20160920170327.0
010 ## - LCCN (DPL NO)
LC control number ENG-116047
020 ## - INTERNATIONAL STANDARD BOOK NUMBER
International Standard Book Number 139789352603220
Terms of availability 295.00
035 ## - SYSTEM CONTROL NUMBER
System control number EN-99579
037 ## - SOURCE OF ACQUISITION
Source of stock number/acquisition DBAD/PUB
082 ## - DEWEY DECIMAL CLASSIFICATION NUMBER
Classification number 480
100 ## - MAIN ENTRY--PERSONAL NAME
Personal name Gyan Singh
245 ## - TITLE STATEMENT
Title English language & pedagogy :
Remainder of title subject wise magical series based on the latest pattern of CTET/TET examinations /
Statement of responsibility, etc by Gyan singh [and] Om Prakash
260 ## - PUBLICATION, DISTRIBUTION, ETC. (IMPRINT)
Place of publication, distribution, etc Noida
Name of publisher, distributor, etc McGraw Hill Education
Date of publication, distribution, etc 2017
270 ## - ADDRESS
Address B-4, Sector-63, Dist. Gautam Budh Nagar
City Noida(up)
Postal code 201301
300 ## - PHYSICAL DESCRIPTION
Extent Various pagings
Dimensions 24cm(pbk)
700 ## - ADDED ENTRY--PERSONAL NAME
Dates associated with a name
Personal name Om Prakash
942 ## - ADDED ENTRY ELEMENTS (KOHA)
Source of classification or shelving scheme Dewey Decimal Classification
Item type English Books
Classification part 480
Call number suffix GYA
Holdings
Withdrawn status Lost status Not for loan Collection code Home library Current library Date acquired Source of acquisition Cost, normal purchase price Full call number Barcode Copy number Cost, replacement price Koha item type
    Not For Loan Non-fiction D.B.Act.Division D.B.Act.Division 20/09/2016 DBAD/PUB 295.00 480 GYA EN-99579 1 295.00 English Books

© Delhi Public Library
Hit Counter
free hit counter